000 00417nam a22001577a 4500
999 _c8927
_d8927
003 GBCCL
005 20241126110701.0
008 220201b ||||| |||| 00| 0 eng d
040 _cgbc
082 _aSOU SIA
_b2018
245 _aSiamsinpawl annual magazine /
_cedited by K. Suanthang
260 _aLamka:
_bSSPP Genral headquarter,
_c2018.
300 _a221p. ;
440 _nv.52, 53, 54
_915634
942 _2ddc
_cARCH